| 000 | 00420nam a22001697a 4500 | ||
|---|---|---|---|
| 999 |
_c1944 _d1944 |
||
| 008 | 200207b ||||| |||| 00| 0 eng d | ||
| 082 | 0 | 0 |
_a510 _bA131 |
| 100 |
_91540 _aAbbott, P. |
||
| 245 | 1 | 0 |
_aNational certificate mathematics, Vol -1 _cby P Abbott |
| 250 | _a12th | ||
| 260 |
_aLondon _bEUP _c1952 |
||
| 300 | _ax,352p. | ||
| 365 | _d5.01 | ||
| 650 | 0 | _aMathematics | |
| 700 |
_91541 _aKerridge, C. E. |
||
| 942 | _cBK | ||